Communautés urbaines de France - Statistiques

Statistiques générales
  • Ce quiz a été pris 34 fois
  • Le résultat moyen est 8 sur 14
Statistiques - réponses
Population Communauté urbaine % Correct
274 685 Caen la Mer
81%
297 068 Grand Reims
74%
192 554 Communauté urbaine de Dunkerque
71%
206 616 Limoges Métropole
71%
196 530 Grand Poitiers
68%
265 937 Le Havre Seine Métropole
68%
272 976 Perpignan Méditerranée Métropole
68%
306 617 Angers Loire Métropole
61%
197 494 Grand Besançon Métropole
58%
109 776 Communauté urbaine d'Arras
55%
209 413 Le Mans Métropole
48%
55 435 Communauté urbaine d'Alençon
19%
90 674 Communauté urbaine du Creusot Montceau
13%
427 896 Grand Paris Seine et Oise
6%
Aucun quiz correspondant
Distribution des résultats
% des personnes avec chaque résultat
Percentile par nombre de réponses
Votre historique - résultats
Vous n’avez pas pris ce quiz